000 00734nam a2200205Ia 4500
005 20241129111250.0
008 241129s9999||||xx |||||||||||||| ||und||
037 _aTB
040 _aCRL
_bpun
_cCRL
041 _apun
_2pun
084 _aO153,6(w,1) Q5
_qCRL
100 _aਕੌਰ, ਤਰਵਿੰਦਰ, ਚ।
245 0 _aਪੰਜਾਬੀ ਸਵੈ ਜੀਵਨੀ ਮਨੋਵਿਸ਼ਲੇਸ਼ਣੀ ਪੜ੍ਹਤ
_cਕੌਰ, ਤਰਵਿੰਦਰ, ਚ।
260 _aਦਿੱਲੀ, ਭਾਰਤ
_bਮਨਪ੍ਰੀਤ ਪ੍ਰਕਾਸ਼ਨ
_c2015
300 _a314ਪ੍ਰ0
365 _aINR
_b590
650 _aPunjabi Literature
942 _cTB
_hO153,6(w,1) Q5
999 _c1229653
_d1229653